000 00722nam a2200241 i 4500
001 bg
245 0 0 _aEnglish literature in context /
_cgen ed. Paul Poplawski ; Valerie Allen [et al.].
260 _aCambridge :
_bCambridge University Press,
_c2008.
300 _aXX, 685 s. :
_bil. ;
_c25 cm.
504 _aIndeks.
650 9 _aLiteratura angielska
_xhistoria
655 _aPodręczniki akademickie
700 1 _aPoplawski, Paul.
_eRed.
700 1 _aAllen, Valerie.
020 _a9780521549288
040 _cBPK
041 0 _aeng
044 _aGBR
080 _a821.111(091)
942 _cKS
008 s pl f |000 0 pol
999 _c55178
_d55178
856 _uhttp://koha.tu.koszalin.pl/cgi-bin/koha/opac-detail.pl?biblionumber=55178
_yKatalog online BPK